Statistiken für Schnelles Mathe-Quiz, nur ein kurzes Quiz 5

Klicken Sie hier um das Quiz zu spielen!

Allgemein

  • Dieses Quiz wurde 117 mal gespielt
  • Das Durchschnittsergebnis liegt bei 18 aus 20

Antwortstatistiken

HintAntwort% Korrekt
2 x 9 =18
100%
10 : 5 =2
100%
4 : 2 =2
100%
111 + 111 =222
100%
50 : 10 =5
100%
126 + 27 =153
97%
8 x 8 =64
97%
45 + 45 =90
97%
56 + 56 =112
95%
99 : 3 =33
95%
78 - 39 =39
94%
151 - 98 =53
93%
220 : 4 =55
93%
12 x 12 =144
91%
183 x 2 =366
90%
18 x 7 =126
88%
13 x 13 =169
86%
13 x 15 =195
80%
13 x 17 =221
75%
555 : 3 =185
66%

Verteilung der Resultate

Perzentil nach korrekt beantworteten Fragen

Anzahl Personen mit jedem Resultat

Ihre Resultats-Entwicklung

Sie haben dieses Quiz noch nicht gespielt